Statistics for All adopt me pets

Click here to take the quiz!

General Stats

  • This quiz has been taken 42 times
  • The average score is 71 of 145

Answer Stats

HintAnswer% Correct
Common: Pets update 2019Cat
100%
Common: Pets update 2019Dog
100%
Legendary: Pets update 2019Dragon
81%
Legendary: Aussie egg 2020Kangaroo
77%
Legendary: Pets update 2019Unicorn
77%
Uncommon: Halloween 2020Bat
74%
Rare: Farm egg 2019Cow
74%
Legendary: Lunar new year ox box 2021Metal Ox
74%
Common: Easter egg 2020Chick
71%
Legendary: Safari egg 2019Giraffe
71%
Legendary: Star rewards update 2020Golden Dragon
71%
Legendary: Star rewards update 2020Golden Unicorn
71%
Rare: Monkey event 2020Monkey
71%
Rare: Lunar new year 2021Ox
71%
Legendary: Halloween 1,000 robux 2019Shadow Dragon
71%
Common: Farm egg 2019Chicken
68%
Legendary: Star rewards update 2020Golden Griffin
68%
Legendary: Ocean egg 2021Octopus
68%
Legendary: Jungle egg 2019Parrot
68%
Legendary: Ocean egg 2021Shark
68%
Legendary: Fossil egg 2020T-Rex
68%
Legendary: Aussie egg 2020Turtle
68%
Ultra-rare: Halloween bat box 2020Albino Bat
65%
Common: Aussie egg 2020Bandicoot
65%
Legendary: Christmas 1,000 robux 2019Frost Dragon
65%
Legendary: Bee & honey update 2019King Bee
65%
Legendary: Bee & honey update 2019Queen Bee
65%
Ultra-rare: Bee & honey update 2019Bee
61%
Uncommon: Pets update 2019Blue Dog
61%
Legendary: Farm egg 2019Crow
61%
Legendary: Star rewards update 2020Diamond Dragon
61%
Legendary: Star rewards update 2020Diamond Unicorn
61%
Legendary: Fossil egg 2020Dodo
61%
Legendary: Farm shop update 2021Golden Ladybug
61%
Legendary: Pets update 600 robux 2019Griffin
61%
Ultra-rare: Safari egg 2019Lion
61%
Ultra-rare: Lunar new year ox box 2021Lunar Ox
61%
Uncommon: Pets update 2019Pink Cat
61%
Legendary: Christmas egg 2019Arctic Reindeer
58%
Legendary: Candy (haloween currency) 2019Bat Dragon
58%
Common: Pets update 2019Buffalo
58%
Legendary: Star rewards update 2020Diamond Griffin
58%
Legendary: Farm shop update 2021Diamond Ladybug
58%
Legendary: Candy (haloween currency) 2019Evil Unicorn
58%
Legendary: Lunar new year rat box 2020Golden Rat
58%
Common: Pets update 2019Otter
58%
Rare: Farm egg 2019Pig
58%
Rare: Christmas 25 day 2019Reindeer
58%
Uncommon: Farm egg 2019Silly Duck
58%
Legendary: Monkey event 2020Albino Monkey
55%
Legendary: Halloween 500 robux 2020Cerberus
55%
Ultra-rare: Aussie egg 2020Frog
55%
Legendary: Christmas 800 robux 2020Frost Fury
55%
Ultra-rare: Aussie egg 2020Koala
55%
Ultra-rare: Farm shop update 2021Ladybug
55%
Rare: Rat box Lunar new year 2020Rat
55%
Common: Christmas egg 2019Robin
55%
Ultra-rare: Monkey event 2020Toy Monkey
55%
Uncommon: Ocean egg 2021Crab
52%
Uncommon: Ocean egg 2021Dolphin
52%
Legendary: Ice cream parlour update 2019Golden Penguin
52%
Legendary: Mythic egg 2021Goldhorn
52%
Legendary: Farm egg 2019Owl
52%
Common: Ocean egg 2021Stingray
52%
Rare: Pets update 2019Bunny
48%
Ultra-rare: Ocean egg 2021Clownfish
48%
Legendary: Sky castle update 2021Cobra
48%
Ultra-rare: Safari egg 2019Flamingo
48%
Lunar new year 249 robux 2020Panda
48%
Ultra-rare: Ice cream parlour update 2019Penguin
48%
Legendary: Mythic egg 2021Phoenix
48%
Legendary: Gingerbread (winter currency) 2020Snow Owl
48%
Ultra-rare: Christmas egg 2019Arctic Fox
45%
Ultra-rare: Monkey event 2020Business Monkey
45%
Common: Fossil egg 2020Ground Sloth
45%
Ultra-rare: Pets update robux 2019Horse
45%
Legendary: Summer sale 2020Kitsune
45%
Uncommon: Safari egg 2019Meerkat
45%
Rare: Christmas egg 2019Polar Bear
45%
Rare: Pets update 2019Rabbit
45%
Ultra-rare: Summer sale 2019Sloth
45%
Common: Fossil egg 2020Tasmanian Tiger
45%
Uncommon: Safari egg 2019Wild Boar
45%
Uncommon: Jungle egg 2019Black Panther
42%
Rare: Jungle egg 2019Brown Bear
42%
Uncommon: Pets update 2019Chocolate Labrador
42%
Ultra-rare: Jungle egg 2019Crocodile
42%
Uncommon: Farm egg 2019Drake
42%
Rare: Safari egg 2019Elephant
42%
Uncommon: Pets update 2019Fennec Fox
42%
Rare: Gingerbread (winter currency) 2020Lynx
42%
Legendary: Monkey event 2020Monkey King
42%
Uncommon: Pets update 2019Puma
42%
Ultra-rare: Pets update 2019Red Panda
42%
Uncommon: Christmas 2020Snowman
42%
Uncommon: Christmas egg 2019Wolf
42%
Rare: Aussie egg 2020Australian Kelpie
39%
Uncommon: Aussie egg 2020Dingo
39%
Ultra-rare: Candy (halloween currency) 2020Ghost Bunny
39%
Ultra-rare: Star rewards update 2020Ginger Cat
39%
Uncommon: Fossil egg 2020Glyptodon
39%
Legendary: Lunar new year 500 robux 2021Guardian Lion
39%
Ultra-rare: Easter update 250 robux 2021Lamb
39%
Legendary: Monkey event 2020Ninja Monkey
39%
Ultra-rare: Star rewards update 2020Toucan
39%
Ultra-rare: Farm egg 2019Turkey
39%
Uncommon: Jungle egg 2019Capybara
35%
Ultra-rare: 250 Robux christmas 2019Dalmatian
35%
Ultra-rare: Gingerbread (winter currency) 2019Hedgehog
35%
Rare: Safari egg 2019Hyena
35%
Ultra-rare: Farm egg 2019Llama
35%
Rare: Mythic egg 2021Merhorse
35%
Ultra-rare: Jungle egg 2019Platypus
35%
Rare: Jungle egg 2019Rhino
35%
Rare: Ocean egg 2021Seahorse
35%
Uncommon: Pets update 2019Snow Cat
35%
Rare: Pets update 2019Snow Puma
35%
Ultra-rare: Star rewards update 2020Starfish
35%
Uncommon: Fossil egg 2020Stegosaurus
35%
Ultra-rare: Gingerbread (winter currency) 2020Yeti
35%
Legendary: Summer sale 2021Axolotl
32%
Uncommon: Adopt me bday 1,500 bucks 2021Butterfly
32%
Rare: Aussie egg 2020Emu
32%
Uncommon: Mythic egg 2021Kirin
32%
Legendary: Cyber sale 2020Robo Dog
32%
Ultra-rare: Pets update 2019Shiba Inu
32%
Rare: Gingerbread (winter currency) 2019Shrew
32%
Legendary: Candy (halloween currency) 2020Skele-Rex
32%
Ultra-rare: Candy (halloween currency) 2019Zombie Buffalo
32%
Ultra-rare: Fossil egg 2020Deinonychus
29%
Rare: Fossil egg 2020Dilophosaurus
29%
Ultra-rare: Mythic egg 2021Hydra
29%
Rare: Gingerbread (winter currency) 2020Musk Ox
29%
Rare: Ocean egg 2021Narwhal
29%
Rare: Christmas egg 2019Swan
29%
Ultra-rare: Mythic egg 2021Wyvern
29%
Rare: Pets update 2019Beaver
26%
Rare: Fossil egg 2020Mammoth
26%
Ultra-rare: Fossil egg 2020Sabertooth
26%
Rare: Mythic egg 2021Sasquatch
26%
Uncommon: Fossil egg 2020Triceratops
26%
Common: Mythic egg 2021Wolpertinger
26%
Legendary: Container home update 2021Peacock
23%
Rare: Fossil egg 2020Pterodactyl
23%
Ultra-rare: Toy shop update: 199/200 robux 2021Red Squirrel
16%

Score Distribution

Percentile by Number Answered

Percent of People with Each Score

Your Score History

You have not taken this quiz